Actualidad civil : (Registro nro. 22023)

Detalles MARC
000 -Cabecera
Campo de control interno 00848nam a2200277Ia 4500
005 - Fecha y hora del registro
control field 20260320113335.0
008 - Elementos de Longitud Fija
fixed length control field 260320s9999||||xx |||||||||||||| ||und||
022 ## - ISSN
ISSN 23134828
041 ## - Idioma
Codigo Idioma ESP
082 ## - DEWEY y NOTACIÓN INTERNA
Dewey HR 346 NOV 2025
Notación Interna ACI
100 ## - AUTOR
Autor denominación
Término de relación
110 ## - AUTOR INSTTITUCIONAL
Autor Institucional Instituto Pacífico
245 #0 - TÍTULO DE MATERIAL BIBLIOGRÁFICO
Título Actualidad civil :
Título paralelo revista de derecho civil, procesal civil, registral e inmobiliario
246 ## - TÍTULO TRADUCIDO
Título
Título paralelo
Autor
260 ## - CIUDAD, EDITORIAL, AÑO
Ciudad Lima :
Nombre de la Editorial Instituto Pacífico,
Año 2025
300 ## - DESCRIPCIÓN
N° Páginas 317 páginas :
Otros detalles tablas ;
Dimensiones 25 cm.
Material Adicional
440 ## - MENCIÓN DE SERIE
Título de la Serie
Número de Serie
Volumen de Serie
505 ## - TABLA DE CONTENIDO
Tabla de Contenido N° 137 (2025)
650 ## - TEMAS
Temas Ciencias Sociales
653 ## - DESCRIPTORES
Lenguajes no controlado Derecho - Revista
654 ## - PROGRAMAS
Programa
700 ## - OTROS AUTORES
Otros autores
Títulos y otras palabras asociadas con el nombre
856 ## - URL - UBICACIÓN
URI/URL: Enlace exacto del recurso <a href="https://0u20rnv4l-y-https-actualidadcivil-pe.itmsp.museknowledge.com/revista-digital/edicion/actualidad-civil-137">https://0u20rnv4l-y-https-actualidadcivil-pe.itmsp.museknowledge.com/revista-digital/edicion/actualidad-civil-137</a>
Nota pública: Versión digital <a href="Versión digital">Versión digital</a>
942 ## - ELEMENTOS DE KOHA
Tipo de documento Revista
Nombre del creador Justo Noguera
Código de catalogador Margarita Torres
Esquema de clasificación Dewey Decimal Classification
Suppress in OPAC
Existencias
Codigo completo Registro Colección Copia número Disponibilidad Tipo de préstamo Biblioteca Actual Procedencia (Biblioteca) Ubicacón Fecha Ingreso Tipo de Adquisición Observación Date last seen Total checkouts Price effective from Tipo de Item Estado del Material Fuente de Clasificación Damaged status Withdrawn status
HR 346 NOV 2025 ACI 1087249 Universidad Católica San Pablo 1 Disponible Disponible Víctor Andrés Belaunde Víctor Andrés Belaunde Planta baja abierta 10/03/2026 Suscripción Derecho 20/03/2026   20/03/2026 Revista Bueno Dewey Decimal Classification